[Event "Hamburg-ch Seniors 23rd"]
[Site "Hamburg"]
[Date "2016.11.10"]
[Round "9"]
[White "Hinke, Gerhard"]
[Black "Klemt, Gerhard"]
[Result "1/2-1/2"]
[WhiteElo "1557"]
[BlackElo "1502"]
[PlyCount "79"]
[EventDate "2016.11.02"]
[EventType "swiss"]
[EventRounds "9"]
[EventCountry "GER"]
[SourceTitle "EXT 2019"]
[Source "ChessBase"]
[SourceDate "2018.10.10"]
[SourceVersion "1"]
[SourceVersionDate "2018.10.10"]
[SourceQuality "1"]

1. e4 e6 2. d4 d5 3. exd5 exd5 4. Bd3 Nf6 5. Ne2 c5 6. c3 Nc6 7. 0-0 Qb6 8. Re1 Be7 9. Qc2 Bd7 10. Be3 c4 11. Bf5 Bxf5 12. Qxf5 Qxb2 13. Nd2 Qb6 14. Rab1 Qa6 15. Rb2 b6 16. Bg5 Qc8 17. Qxc8+ Rxc8 18. Bxf6 gxf6 19. Nf4 Rd8 20. Nf3 Kf8 21. Rbe2 h5 22. Nh4 Bd6 23. Nh3 Ne7 24. Re3 Rg8 25. Rf3 Rg4 26. Nf5 Re4 27. Ree3 Nxf5 28. Rxf5 Rxe3 29. fxe3 Be7 30. Rxh5 Bd6 31. Rh8+ Ke7 32. Rxd8 Kxd8 33. Nf4 Bxf4 34. exf4 b5 35. Kf2 a5 36. Ke3 b4 37. cxb4 axb4 38. Kd2 f5 39. h3 Ke7 40. g3 1/2-1/2

[Event "Hamburg-ch Seniors 23rd"]
[Site "Hamburg"]
[Date "2016.11.07"]
[Round "6"]
[White "Klemt, Gerhard"]
[Black "Bartlitz, Heinz"]
[Result "1-0"]
[WhiteElo "1502"]
[BlackElo "1638"]
[PlyCount "121"]
[EventDate "2016.11.02"]
[EventType "swiss"]
[EventRounds "9"]
[EventCountry "GER"]
[SourceTitle "EXT 2019"]
[Source "ChessBase"]
[SourceDate "2018.10.10"]
[SourceVersion "1"]
[SourceVersionDate "2018.10.10"]
[SourceQuality "1"]

1. e4 g6 2. d4 Bg7 3. f4 d6 4. Nf3 a6 5. Nc3 Nf6 6. h3 0-0 7. Be3 Nh5 8. g4 Nf6 9. Qd2 b5 10. e5 dxe5 11. fxe5 Ne8 12. Bg2 Bb7 13. 0-0-0 e6 14. Bh6 Nd7 15. Bxg7 Nxg7 16. Qh6 Qe7 17. Ng5 Qxg5+ 18. Qxg5 Bxg2 19. Rh2 Bc6 20. h4 f6 21. Qe3 f5 22. d5 exd5 23. Nxd5 Rae8 24. Nf6+ Rxf6 25. Qb3+ Rfe6 26. Rhd2 Nxe5 27. gxf5 Nxf5 28. Rd8 Kf7 29. Rxe8 Bxe8 30. Rf1 Nc4 31. h5 c5 32. hxg6+ hxg6 33. Qh3 Kg7 34. Rh1 Kf6 35. b3 Bc6 36. Qh8+ Ke7 37. Rh7+ Kd6 38. Qd8+ Ke5 39. bxc4 Rd6 40. Qh8+ Ke4 41. cxb5 axb5 42. Rh1 b4 43. Re1+ Kf4 44. Qe5+ Kg5 45. Qxc5 Kf6 46. Qxb4 Kg7 47. Qc3+ Kh7 48. a4 Kg8 49. a5 Kf7 50. a6 Nd4 51. Qc5 Nf5 52. a7 Kf6 53. Rf1 Ke6 54. Qxc6 Rxc6 55. a8Q Rd6 56. Qa2+ Kf6 57. Qb2+ Kf7 58. Qe5 Re6 59. Rxf5+ gxf5 60. Qxf5+ Ke7 61. c4 1-0

[Event "Harburg-chF 9th"]
[Site "Hamburg"]
[Date "2011.08.21"]
[Round "5"]
[White "Malchau, Jochen"]
[Black "Klemt, Gerhard"]
[Result "1/2-1/2"]
[WhiteElo "1660"]
[BlackElo "1590"]
[PlyCount "119"]
[EventDate "2011.08.19"]
[EventType "tourn"]
[EventRounds "5"]
[EventCountry "GER"]
[SourceTitle "EXT 2012"]
[Source "ChessBase"]
[SourceDate "2011.11.24"]
[SourceVersion "1"]
[SourceVersionDate "2011.11.24"]
[SourceQuality "1"]

1. d4 d5 2. c4 e6 3. Nc3 Nf6 4. Bg5 Be7 5. e3 h6 6. Bh4 c6 7. Nf3 Nbd7 8. Qc2 0-0 9. Bd3 dxc4 10. Bxc4 b5 11. Bd3 b4 12. Ne4 Bb7 13. Bxf6 Nxf6 14. Nxf6+ Bxf6 15. Be4 Qc7 16. 0-0 Rfc8 17. Rfc1 Be7 18. Nd2 c5 19. dxc5 f5 20. c6 fxe4 21. cxb7 Qxb7 22. Qxe4 Qxe4 23. Nxe4 Bf6 24. Nxf6+ gxf6 25. Kf1 Kf7 26. Ke2 Ke7 27. b3 a5 28. a3 Rxc1 29. Rxc1 a4 30. axb4 axb3 31. Rb1 Ra2+ 32. Kf3 b2 33. Ke2 Kd6 34. Kd2 Kd5 35. Kc2 Kc4 36. b5 Kxb5 37. Rxb2+ Rxb2+ 38. Kxb2 Kc4 39. Kc2 e5 40. Kd2 f5 41. Ke2 Kd5 42. Kf3 Ke6 43. Kg3 Kf6 44. Kh4 Kg6 45. f3 h5 46. g4 hxg4 47. fxg4 f4 48. exf4 exf4 49. g5 f3 50. Kg3 f2 51. Kxf2 Kxg5 52. Kg3 Kh5 53. h3 Kg5 54. h4+ Kh5 55. Kh3 Kg6 56. Kg4 Kh6 57. h5 Kh7 58. Kg5 Kg7 59. h6+ Kh7 60. Kh5 1/2-1/2

[Event "Harburg-chF 9th"]
[Site "Hamburg"]
[Date "2011.08.19"]
[Round "1"]
[White "Klemt, Gerhard"]
[Black "Sakel, Nicolai"]
[Result "0-1"]
[WhiteElo "1590"]
[BlackElo "1665"]
[PlyCount "84"]
[EventDate "2011.08.19"]
[EventType "tourn"]
[EventRounds "5"]
[EventCountry "GER"]
[SourceTitle "EXT 2012"]
[Source "ChessBase"]
[SourceDate "2011.11.24"]
[SourceVersion "1"]
[SourceVersionDate "2011.11.24"]
[SourceQuality "1"]

1. e4 Nf6 2. Nc3 d5 3. e5 Nfd7 4. d4 e6 5. Nf3 c5 6. Be3 Nc6 7. Bb5 Qb6 8. 0-0 a6 9. Bxc6 bxc6 10. Na4 Qa5 11. b3 cxd4 12. Bxd4 c5 13. Bb2 Bb7 14. Nc3 Be7 15. Ne2 0-0 16. Qd3 Rac8 17. c4 d4 18. Rfe1 Bxf3 19. Qxf3 Nxe5 20. Qh5 Nd3 21. Bxd4 Nxe1 22. Bc3 Qd8 23. Rxe1 Bf6 24. Qf3 Bxc3 25. Nxc3 Qg5 26. Re3 Rfd8 27. g3 Rc7 28. Qe4 Rd4 29. Qf3 Rcd7 30. Nd5 Qd8 31. Qe2 Kf8 32. Nf4 Rd1+ 33. Kg2 R7d2 34. Qh5 Qa8+ 35. Kh3 h6 36. Qxc5+ Kg8 37. Qe5 Rxf2 38. Nxe6 Qg2+ 39. Kg4 f5+ 40. Qxf5 Rxf5 41. Kxf5 Qf2+ 42. Ke4 Re1 0-1

[Event "Hamburg St Pauli op-B"]
[Site "Hamburg"]
[Date "2011.07.17"]
[Round "9"]
[White "Andris, Valentin"]
[Black "Klemt, Gerhard"]
[Result "1-0"]
[WhiteElo "1697"]
[BlackElo "1607"]
[PlyCount "71"]
[EventDate "2011.07.09"]
[EventType "swiss"]
[EventRounds "9"]
[EventCountry "GER"]
[SourceTitle "CBM 143 Extra"]
[Source "ChessBase"]
[SourceDate "2011.08.29"]
[SourceVersion "1"]
[SourceVersionDate "2011.08.29"]
[SourceQuality "1"]

1. d4 Nf6 2. c4 e6 3. Nc3 Bb4 4. a3 Bxc3+ 5. bxc3 c5 6. e3 0-0 7. Bd3 b6 8. Ne2 Bb7 9. 0-0 Qc7 10. f3 d5 11. cxd5 exd5 12. Ng3 c4 13. Bb1 g6 14. Ra2 Nbd7 15. Re2 Rfe8 16. e4 Kh8 17. e5 Ng8 18. f4 f5 19. h4 Nf8 20. h5 Bc8 21. hxg6 hxg6 22. Kf2 Re7 23. Ree1 Rh7 24. Rh1 Nh6 25. Kf3 Be6 26. a4 Ng4 27. Ba3 Nh2+ 28. Ke2 Qd8 29. Bxf8 Qxf8 30. Nf1 Nxf1 31. Rexf1 Rxh1 32. Rxh1+ Kg7 33. Qe1 Qg8 34. Qh4 Rf8 35. g3 Rf7 36. Qh6# 1-0

[Event "Hamburg St Pauli op-B"]
[Site "Hamburg"]
[Date "2011.07.14"]
[Round "7"]
[White "Marquardt, Rolf"]
[Black "Klemt, Gerhard"]
[Result "1-0"]
[WhiteElo "1851"]
[BlackElo "1607"]
[PlyCount "91"]
[EventDate "2011.07.09"]
[EventType "swiss"]
[EventRounds "9"]
[EventCountry "GER"]
[SourceTitle "CBM 143 Extra"]
[Source "ChessBase"]
[SourceDate "2011.08.29"]
[SourceVersion "1"]
[SourceVersionDate "2011.08.29"]
[SourceQuality "1"]

1. d4 d5 2. Bf4 e6 3. e3 Nf6 4. Bd3 Bd6 5. Bg3 Nc6 6. Nf3 Qe7 7. Ne5 Bxe5 8. dxe5 Nd7 9. f4 Qb4+ 10. Nd2 Qxb2 11. 0-0 Qa3 12. Qg4 g6 13. Rfb1 Qc5 14. Bf2 h5 15. Qh3 Qf8 16. Rb2 Ne7 17. Nb3 Nf5 18. Nd4 Nxd4 19. exd4 Nb6 20. Bh4 Nc4 21. Rb3 Nd2 22. Rc3 c6 23. Be1 Ne4 24. Bxe4 dxe4 25. Qe3 f5 26. exf6 Qxf6 27. Qxe4 Qf5 28. Qf3 0-0 29. g3 Qd5 30. Qd3 Qf5 31. Qe3 Bd7 32. Rc5 Qh3 33. Rb1 b6 34. Re5 Rf5 35. Rxe6 Bxe6 36. Qxe6+ Kh7 37. Qd7+ Kg8 38. Qxc6 Raf8 39. Qxg6+ Kh8 40. d5 R5f6 41. Bc3 h4 42. Bxf6+ Rxf6 43. Qxf6+ Kg8 44. Qg6+ Kf8 45. Re1 Qc8 46. Re8+ 1-0

[Event "Hamburg St Pauli op-B"]
[Site "Hamburg"]
[Date "2011.07.10"]
[Round "2"]
[White "Lingstaedt, Nils"]
[Black "Klemt, Gerhard"]
[Result "0-1"]
[WhiteElo "1134"]
[BlackElo "1607"]
[PlyCount "40"]
[EventDate "2011.07.09"]
[EventType "swiss"]
[EventRounds "9"]
[EventCountry "GER"]
[SourceTitle "CBM 143 Extra"]
[Source "ChessBase"]
[SourceDate "2011.08.29"]
[SourceVersion "1"]
[SourceVersionDate "2011.08.29"]
[SourceQuality "1"]

1. e4 e5 2. Nf3 Nc6 3. c3 Nf6 4. Qa4 Bc5 5. d4 exd4 6. cxd4 Bb4+ 7. Bd2 Qe7 8. e5 0-0 9. a3 Bxd2+ 10. Nbxd2 d6 11. Bd3 dxe5 12. dxe5 Nxe5 13. Nxe5 Qxe5+ 14. Ne4 Nxe4 15. f4 Qxb2 16. Qxe4 Qxa1+ 17. Kf2 Qb2+ 18. Kf3 g6 19. g4 Bd7 20. Kg3 Bc6 0-1

[Event "Hamburg-ch Seniors op 13th"]
[Site "Hamburg"]
[Date "2006.11.03"]
[Round "9"]
[White "Klemt, Gerhard"]
[Black "Hadenfeldt, Klaus"]
[Result "1-0"]
[WhiteElo "1613"]
[BlackElo "1644"]
[PlyCount "73"]
[EventDate "2006.10.27"]
[EventType "swiss"]
[EventRounds "9"]
[EventCountry "GER"]
[SourceTitle "EXT 2022"]
[Source "ChessBase"]
[SourceDate "2021.10.06"]
[SourceVersion "1"]
[SourceVersionDate "2021.10.06"]
[SourceQuality "1"]

1. e4 c5 2. Nf3 d6 3. d4 cxd4 4. Nxd4 Nf6 5. Nc3 g6 6. f3 Bg7 7. Be3 0-0 8. Qd2 Nc6 9. 0-0-0 Bd7 10. g4 Ne5 11. Be2 Rc8 12. Kb1 Nc4 13. Bxc4 Rxc4 14. h4 h5 15. Bh6 Nxe4 16. Nxe4 Rxd4 17. Qg5 Rxd1+ 18. Rxd1 Bc6 19. Bxg7 Kxg7 20. gxh5 Bxe4 21. fxe4 e6 22. hxg6 Qxg5 23. hxg5 fxg6 24. Kc1 Rd8 25. c4 b6 26. e5 d5 27. cxd5 Rxd5 28. Rxd5 exd5 29. Kd2 Kf7 30. Kd3 Ke6 31. Kd4 a6 32. b4 a5 33. bxa5 bxa5 34. a4 Ke7 35. Kxd5 Kd7 36. e6+ Ke7 37. Ke5 1-0

[Event "Hamburg Seniors op 12th"]
[Site "Hamburg"]
[Date "2005.10.28"]
[Round "1"]
[White "Klemt, Gerhard"]
[Black "Bahr, Peter"]
[Result "0-1"]
[WhiteElo "1645"]
[BlackElo "1911"]
[PlyCount "50"]
[EventDate "2005.10.28"]
[EventType "swiss"]
[EventRounds "9"]
[EventCountry "GER"]
[SourceTitle "EXT 2007"]
[Source "ChessBase"]
[SourceDate "2006.11.23"]
[SourceVersion "1"]
[SourceVersionDate "2006.11.23"]
[SourceQuality "1"]

1. d4 Nf6 2. c4 g6 3. Nc3 Bg7 4. Nf3 0-0 5. e4 d6 6. Be2 e5 7. d5 Ne8 8. 0-0 f5 9. Bg5 Bf6 10. Qd2 f4 11. Bxf6 Qxf6 12. Ne1 Rf7 13. Nd3 h5 14. c5 Nd7 15. c6 Nf8 16. f3 b6 17. a4 g5 18. Nf2 Rg7 19. a5 g4 20. Kh1 Qh4 21. fxg4 hxg4 22. h3 gxh3 23. gxh3 Bxh3 24. Qd3 Bg2+ 25. Kg1 Bf3+ 0-1

[Event "Hamburg Seniors op 11th"]
[Site "Hamburg"]
[Date "2004.11.12"]
[Round "2"]
[White "Koepcke, Hans Peter"]
[Black "Klemt, Gerhard"]
[Result "1-0"]
[WhiteElo "2110"]
[BlackElo "1751"]
[PlyCount "123"]
[EventDate "2004.11.12"]
[EventType "swiss"]
[EventRounds "7"]
[EventCountry "GER"]
[SourceTitle "EXT 2006"]
[Source "ChessBase"]
[SourceDate "2005.11.24"]
[SourceVersion "1"]
[SourceVersionDate "2005.11.24"]
[SourceQuality "1"]

1. e4 c5 2. d4 cxd4 3. c3 dxc3 4. Nxc3 Nc6 5. Bc4 g6 6. Nge2 Bg7 7. 0-0 Nf6 8. h3 d6 9. Be3 0-0 10. a3 Be6 11. Bxe6 fxe6 12. Qb3 Qd7 13. Nf4 Nd8 14. Rfd1 Kh8 15. e5 Nh5 16. Nxh5 gxh5 17. exd6 exd6 18. Nb5 d5 19. Bxa7 Nc6 20. Bd4 Nxd4 21. Nxd4 Qf7 22. Qe3 e5 23. Nf3 d4 24. Qe4 Qg6 25. Re1 Qxe4 26. Rxe4 Rac8 27. Nxe5 Rc2 28. Nf3 Rd8 29. Rd1 d3 30. Ne1 Rxb2 31. Rxd3 Rf8 32. Nf3 h6 33. Rb4 Rxb4 34. axb4 b5 35. Rd5 Rb8 36. Nd4 Kh7 37. Rxb5 Rd8 38. Ne6 Rd1+ 39. Kh2 Bc3 40. Nf4 Rd4 41. Rb7+ Kg8 42. Ne2 Rxb4 43. Rxb4 Bxb4 44. Kg3 Kf7 45. Kh4 Be1 46. Kxh5 Bxf2 47. Kxh6 Kg8 48. g4 Be3+ 49. g5 Kh8 50. h4 Kg8 51. h5 Kh8 52. Kg6 Kg8 53. h6 Kh8 54. Ng3 Bf4 55. Nf5 Be5 56. Kf7 Bf4 57. Kf6 Bc1 58. Nd6 Kh7 59. g6+ Kxh6 60. Nf7+ Kh5 61. g7 Bb2+ 62. Ne5 1-0

[Event "Hamburg-ch qual1"]
[Site "Hamburg"]
[Date "2003.10.30"]
[Round "6"]
[White "Klemt, Gerhard"]
[Black "Kraft, Gerhard"]
[Result "1-0"]
[WhiteElo "1691"]
[BlackElo "1826"]
[PlyCount "126"]
[EventDate "2003.10.??"]
[EventType "swiss"]
[EventRounds "7"]
[EventCountry "GER"]
[SourceTitle "EXT 2005"]
[Source "ChessBase"]
[SourceDate "2004.11.15"]
[SourceVersion "1"]
[SourceVersionDate "2004.11.15"]
[SourceQuality "1"]

1. d4 Nf6 2. Nf3 d5 3. Bf4 Bg4 4. e3 e6 5. c3 Bd6 6. Bxd6 Qxd6 7. Bd3 0-0 8. Nbd2 c5 9. Qc2 c4 10. Be2 Nc6 11. 0-0 Bf5 12. Qd1 h6 13. Nh4 Bh7 14. f4 Ne4 15. Nhf3 Ne7 16. Ne5 f6 17. Ng4 Rae8 18. Nf2 Nxd2 19. Qxd2 e5 20. dxe5 fxe5 21. Bxc4 exf4 22. exf4 Rxf4 23. Be2 Ref8 24. Bf3 Rxf3 25. gxf3 Rxf3 26. Nh1 Rd3 27. Qf2 Nf5 28. Ng3 Nxg3 29. Qf7+ Kh8 30. Qf8+ Qxf8 31. Rxf8+ Bg8 32. hxg3 Rxg3+ 33. Kh2 Re3 34. Raf1 Kh7 35. R1f2 Re4 36. Rb8 Re7 37. Rd8 g6 38. Rd2 Kg7 39. c4 dxc4 40. R2d7 Rxd7 41. Rxd7+ Kf6 42. Rxb7 a5 43. Rb6+ Kg7 44. a3 Bd5 45. Rb5 Be4 46. Rxa5 Kf6 47. Rc5 Bd3 48. a4 Ke6 49. a5 Kd6 50. Rc8 Kd7 51. Rb8 Kc7 52. Rb6 h5 53. Kg3 Bf5 54. Rb5 Kc6 55. Rb4 Kc5 56. Rb8 g5 57. a6 h4+ 58. Kh2 g4 59. a7 g3+ 60. Kg1 Be4 61. a8Q Bxa8 62. Rxa8 h3 63. Ra3 h2+ 1-0